Embryology of Angiosperms (Record no. 351700)
[ view plain ]
| 000 -LEADER | |
|---|---|
| fixed length control field | 003710000a22001570004500 |
| 060 ## - NATIONAL LIBRARY OF MEDICINE CALL NUMBER | |
| Classification number | 100 |
| 082 ## - DEWEY DECIMAL CLASSIFICATION NUMBER | |
| Classification number | 582.130 433 BHO |
| 100 ## - MAIN ENTRY--PERSONAL NAME | |
| Personal name | Bhatnagar, S P |
| 100 ## - MAIN ENTRY--PERSONAL NAME | |
| Personal name | Bhojwani, S S |
| 245 ## - TITLE STATEMENT | |
| Title | Embryology of Angiosperms |
| 260 ## - PUBLICATION, DISTRIBUTION, ETC. (IMPRINT) | |
| Place of publication, distribution, etc. | Newdelhi, Vikas Publishing House Pvt Ltd |
| 260 ## - PUBLICATION, DISTRIBUTION, ETC. (IMPRINT) | |
| Date of publication, distribution, etc. | 1994 |
| 300 ## - PHYSICAL DESCRIPTION | |
| Extent | 264 |
| 650 ## - SUBJECT ADDED ENTRY--TOPICAL TERM | |
| Topical term or geographic name as entry element | Embryology/ Angiosperms |
| 942 ## - ADDED ENTRY ELEMENTS (KOHA) | |
| Koha item type | Books (General) |
| Withdrawn status | Lost status | Damaged status | Not for loan | Home library | Current library | Date acquired | Total Checkouts | Full call number | Barcode | Date last seen | Price effective from | Koha item type |
|---|---|---|---|---|---|---|---|---|---|---|---|---|
| College of Agriculture, Vellayani | College of Agriculture, Vellayani | 02/05/2014 | 582.130 433 BHO | KAU_COAV-13725 | 02/05/2014 | 02/05/2014 | Books (General) |
